Nền tảng vững chắc chăm sóc và giáo dục mầm non Báo cáo giám sát toàn cầu về giáo dục cho mọi người
Kaydedildi:
| Yazar: | |
|---|---|
| Materyal Türü: | Kitap |
| Dil: | Undetermined |
| Baskı/Yayın Bilgisi: |
Việt Nam
UNESCO
2007
|
| Konular: | |
| Online Erişim: | http://lrc.tdmu.edu.vn/opac/search/detail.asp?aID=2&ID=4302 |
| Etiketler: |
Etiketle
Etiket eklenmemiş, İlk siz ekleyin!
|
| Thư viện lưu trữ: | Trung tâm Học liệu Trường Đại học Thủ Dầu Một |
|---|
| LEADER | 00715nam a2200205Ia 4500 | ||
|---|---|---|---|
| 001 | TDMU_4302 | ||
| 008 | 210410s9999 xx 000 0 und d | ||
| 082 | |a 372.21 | ||
| 090 | |b Đ450 | ||
| 100 | |a Đỗ, Thị Bình | ||
| 245 | 0 | |a Nền tảng vững chắc chăm sóc và giáo dục mầm non | |
| 245 | 0 | |b Báo cáo giám sát toàn cầu về giáo dục cho mọi người | |
| 245 | 0 | |c Đỗ Thị Bình | |
| 260 | |a Việt Nam | ||
| 260 | |b UNESCO | ||
| 260 | |c 2007 | ||
| 300 | |a 403tr. | ||
| 650 | |a Giáo dục mầm non | ||
| 856 | |u http://lrc.tdmu.edu.vn/opac/search/detail.asp?aID=2&ID=4302 | ||
| 980 | |a Trung tâm Học liệu Trường Đại học Thủ Dầu Một | ||